20 World Capitals furthest from Greenwich Meridian, with Map - Statistics

General Stats
  • This quiz has been taken 51 times
  • The average score is 14 of 20
Answers on the Map
Answers color-coded by a green-red scale on the quiz's map according to % correct below.
 
Answer Stats
D (km) Capital % Correct
8,958 Port Moresby
88%
11,532 Apia
86%
12,009 Suva
86%
9,056 Dili
81%
8,959 Honiara
77%
12,340 Nukuʻalofa
77%
10,945 Funafuti
74%
9,315 Jakarta
74%
9,236 Palikir
72%
10,145 Singapore
72%
10,149 South Tarawa
72%
9,941 Yaren
72%
9,655 Kuala Lumpur
67%
9,218 Majuro
67%
9,456 Bandar Seri Begawan
63%
9,173 Ngerulmud
63%
8,723 Phnom Penh
49%
8,741 Quito
44%
8,650 Colombo
37%
8,727 San José
33%
No matching quizzes found
Score Distribution
Percent of People with Each Score
Percentile by Number Answered
Your Score History
You have not taken this quiz